000 00889nas a2200241 4500
001 BR9203982
003 BR-BrBNA
005 20231205092655.0
007 ta
008 230509b bl.|||p| |||| 00| 00por d
040 _aBR-BrBNA
_bpor
_cBiblioteca Nacional de Agricultura
041 _a(En)
072 _aL70; L40
100 1 _aAnasco, L.G.G.
100 1 _aLawzewitsch, I. von
245 1 _aThe lymphatic system of the anterior limb in Dasypus novemcinctus novemcinctus Linne, 1758 (Mammalia: Edentata)
246 1 _aThe lymphatic system of the anterior limb in Dasypus novemcinctus novemcinctus Linne, 1758 (Mammalia: Edentata)
650 _aTATU
650 _aLINFA
773 0 _tBrazilian Journal of Veterinary Research and Animal Science (Brazil)
_xISSN 0303-7525
_g(1990), v. 27(2) p. 145-151
_wBR9203982
909 _a202311
_bLúcia
_c55
_dLúcia Elande
942 _2AGRIS
_n0
_cANA
999 _c133325
_d133325